Samajtattwa parichay. (Record no. 175)

MARC details
000 -LEADER
fixed length control field 00562cam a2200229ua 4500
008 - FIXED-LENGTH DATA ELEMENTS--GENERAL INFORMATION
fixed length control field 150904n ii |||gr||||Z||||||eng
020 ## - INTERNATIONAL STANDARD BOOK NUMBER
International Standard Book Number 81-7339-492-x
040 ## - CATALOGING SOURCE
Transcribing agency MAIN
041 ## - LANGUAGE CODE
-- eng
082 ## - DEWEY DECIMAL CLASSIFICATION NUMBER
Classification number 301
245 ## - TITLE STATEMENT
Title Samajtattwa parichay.
Statement of responsibility, etc. By Jyotiprasad Saikia.
250 ## - EDITION STATEMENT
Edition statement 1st.
260 ## - PUBLICATION, DISTRIBUTION, ETC.
Place of publication, distribution, etc. Dibrugarh.:
Name of publisher, distributor, etc. Banalata.,
Date of publication, distribution, etc. 2007.
300 ## - PHYSICAL DESCRIPTION
Extent 324 p.:6 cm.
700 ## - ADDED ENTRY--PERSONAL NAME
Personal name Saikia, Jyotiprasad.,
942 ## - ADDED ENTRY ELEMENTS (KOHA)
Koha item type Books
653 ## - INDEX TERM--UNCONTROLLED
Uncontrolled term Sociology.
653 ## - INDEX TERM--UNCONTROLLED
Uncontrolled term Samajtattwa parichai.
653 ## - INDEX TERM--UNCONTROLLED
Uncontrolled term Samajtta parichai.
653 ## - INDEX TERM--UNCONTROLLED
Uncontrolled term Samajtatta parichai.
Holdings
Withdrawn status Lost status Damaged status Not for loan Home library Current library Shelving location Date acquired Total Checkouts Full call number Barcode Date due Date last seen Date last checked out Copy number Price effective from Koha item type
        Central Library, Naharkatiya College Central Library, Naharkatiya College General Stacks 19/09/2020 11 301 | SAI 17115 22/11/2025 07/11/2025 07/11/2025 4 19/09/2020 Books
        Central Library, Naharkatiya College Central Library, Naharkatiya College General Stacks 19/09/2020   301 | SAI 17116   19/09/2020   1 19/09/2020 Books
        Central Library, Naharkatiya College Central Library, Naharkatiya College General Stacks 19/09/2020 3 301 | SAI 19024   23/12/2023 01/11/2023 1 19/09/2020 Books
        Central Library, Naharkatiya College Central Library, Naharkatiya College General Stacks 19/09/2020 13 301 | SAI 19144   09/09/2025 26/08/2025 3 19/09/2020 Books

Naharkatiya College © 2020. All rights reserved.

Powered By